Statistiques concernant Actors who play roles with Orlando Bloom

Cliquez ici pour prendre le quiz!

Statistiques générales

  • Ce quiz a été pris 13 fois
  • Le résultat moyen est 31 sur 100

Statistiques - réponses

HintRéponse% Correct
Pirates of the Caribbean : The Curse of the Black Pearl
Pirates of the Caribbean : Dead Man's Chest
Pirates of the Caribbean : At World's End
Pirates of the Caribbean : Dead Men Tell No Tales
Johnny Depp
100%
Pirates of the Caribbean : The Curse of the Black Pearl
Pirates of the Caribbean : Dead Man's Chest
Pirates of the Caribbean : At World's End
Pirates of the Caribbean : Dead Men Tell No Tales
Keira Knightley
90%
The Lord of the Rings : The Fellowship of the Ring
The Lord of the Rings : The Two Towers
The Lord of the Rings : The Return of the King
Viggo Mortensen
90%
The Lord of the Rings : The Fellowship of the Ring
The Lord of the Rings : The Two Towers
The Lord of the Rings : The Return of the King
Fight for Your Right Revisited
Elijah Wood
80%
TroyBrad Pitt
70%
The Lord of the Rings : The Fellowship of the Ring
The Lord of the Rings : The Two Towers
The Lord of the Rings : The Return of the King
The Hobbit : The Desolation of Smaug
The Hobbit : The Battle of the Five Armies
Cate Blanchett
70%
The Lord of the Rings : The Fellowship of the Ring
The Lord of the Rings : The Two Towers
The Lord of the Rings : The Return of the King
The Hobbit : The Battle of the Five Armies
Christopher Lee
60%
The Lord of the Rings : The Fellowship of the Ring
The Lord of the Rings : The Two Towers
The Lord of the Rings : The Return of the King
The Hobbit : The Battle of the Five Armies
Hugo Weaving
60%
The Lord of the Rings : The Fellowship of the Ring
The Lord of the Rings : The Two Towers
The Lord of the Rings : The Return of the King
The Hobbit : The Desolation of Smaug
The Hobbit : The Battle of the Five Armies
Ian McKellen
60%
Kingdom of HeavenLiam Neeson
60%
The Lord of the Rings : The Fellowship of the Ring
The Lord of the Rings : The Two Towers
The Lord of the Rings : The Return of the King
Troy
Sean Bean
60%
The Lord of the Rings : The Fellowship of the Ring
The Lord of the Rings : The Two Towers
The Lord of the Rings : The Return of the King
Andy Serkis
50%
The Lord of the Rings : The Fellowship of the Ring
The Lord of the Rings : The Two Towers
The Lord of the Rings : The Return of the King
Billy Boyd
50%
The Lord of the Rings : The Fellowship of the Ring
The Lord of the Rings : The Two Towers
The Lord of the Rings : The Return of the King
Dominic Monaghan
50%
Black Hawk Down
Troy
Eric Bana
50%
Ned Kelly
Pirates of the Caribbean : The Curse of the Black Pearl
Pirates of the Caribbean : Dead Man's Chest
Pirates of the Caribbean : At World's End
Pirates of the Caribbean : Dead Men Tell No Tales
Geoffrey Rush
50%
Pirates of the Caribbean : The Curse of the Black Pearl
Pirates of the Caribbean : Dead Man's Chest
Pirates of the Caribbean : At World's End
Jack Davenport
50%
The Hobbit : The Desolation of Smaug
The Hobbit : The Battle of the Five Armies
Martin Freeman
50%
Pirates of the Caribbean : Dead Man's Chest
Pirates of the Caribbean : At World's End
Naomie Harris
50%
The Hobbit : The Desolation of Smaug
The Hobbit : The Battle of the Five Armies
Richard Armitage
50%
The Hobbit : The Desolation of Smaug
The Hobbit : The Battle of the Five Armies
Benedict Cumberbatch
40%
Pirates of the Caribbean : Dead Man's Chest
Pirates of the Caribbean : At World's End
Bill Nighy
40%
Troy
Kingdom of Heaven
Brendan Gleeson
40%
Kingdom of HeavenEva Green
40%
The Hobbit : The Desolation of Smaug
The Hobbit : The Battle of the Five Armies
Evangeline Lilly
40%
Black Hawk DownEwan McGregor
40%
The Hobbit : The Desolation of Smaug
The Hobbit : The Battle of the Five Armies
Graham McTavish
40%
The Lord of the Rings : The Fellowship of the Ring
The Lord of the Rings : The Return of the King
The Hobbit : The Battle of the Five Armies
Ian Holm
40%
The Lord of the Rings : The Fellowship of the Ring
The Lord of the Rings : The Two Towers
The Lord of the Rings : The Return of the King
John Rhys-Davies
40%
Pirates of the Caribbean : The Curse of the Black Pearl
Pirates of the Caribbean : Dead Man's Chest
Pirates of the Caribbean : At World's End
Jonathan Pryce
40%
Black Hawk DownJosh Hartnett
40%
The Lord of the Rings : The Fellowship of the Ring
The Lord of the Rings : The Two Towers
The Lord of the Rings : The Return of the King
Liv Tyler
40%
The Three Musketeers
The Hobbit : The Desolation of Smaug
The Hobbit : The Battle of the Five Armies
Luke Evans
40%
The Armenian Genocide
New York, I Love You
Natalie Portman
40%
The Lord of the Rings : The Fellowship of the Ring
The Lord of the Rings : The Two Towers
The Lord of the Rings : The Return of the King
Sean Astin
40%
Pirates of the Caribbean : Dead Man's Chest
Pirates of the Caribbean : At World's End
The Prince
Tom Hollander
40%
Carnival RowCara Delevingne
30%
Pirates of the Caribbean : The Curse of the Black Pearl
Pirates of the Caribbean : Dead Man's Chest
Pirates of the Caribbean : At World's End
David Bailie
30%
The Hobbit : The Desolation of Smaug
The Hobbit : The Battle of the Five Armies
James Nesbitt
30%
Black Hawk DownJason Isaacs
30%
Kingdom of HeavenJeremy Irons
30%
Carnival RowKarla Crome
30%
The Hobbit : The Desolation of Smaug
The Hobbit : The Battle of the Five Armies
Ken Stott
30%
Pirates of the Caribbean : The Curse of the Black Pearl
Pirates of the Caribbean : Dead Man's Chest
Pirates of the Caribbean : At World's End
Pirates of the Caribbean : Dead Men Tell No Tales
Kevin McNally
30%
Elizabethtown
Fight for Your Right Revisited
Kirsten Dunst
30%
Pirates of the Caribbean : The Curse of the Black Pearl
Pirates of the Caribbean : Dead Man's Chest
Pirates of the Caribbean : At World's End
Lee Arenberg
30%
The Hobbit : The Desolation of Smaug
The Hobbit : The Battle of the Five Armies
Lee Pace
30%
Pirates of the Caribbean : The Curse of the Black Pearl
Pirates of the Caribbean : Dead Man's Chest
Pirates of the Caribbean : At World's End
Mackenzie Crook
30%
Pirates of the Caribbean : The Curse of the Black Pearl
Pirates of the Caribbean : Dead Man's Chest
Pirates of the Caribbean : At World's End
Pirates of the Caribbean : Dead Men Tell No Tales
Martin Klebba
30%
The Lord of the Rings : The Fellowship of the Ring
The Lord of the Rings : The Return of the King
Kingdom of Heaven
Marton Csokas
30%
The Lord of the Rings : The Two Towers
The Lord of the Rings : The Return of the King
Miranda Otto
30%
Pirates of the Caribbean : Dead Man's Chest
Pirates of the Caribbean : At World's End
Stellan Skarsgard
30%
Black Hawk DownTom Sizemore
30%
Black Hawk DownWilliam Fichtner
30%
The Hobbit : The Desolation of Smaug
The Hobbit : The Battle of the Five Armies
Aidan Turner
20%
Pirates of the Caribbean : The Curse of the Black Pearl
Pirates of the Caribbean : At World's End
Pirates of the Caribbean : Dead Men Tell No Tales
Angus Barnett
20%
TroyBrian Cox
20%
The OutpostCaleb Landry Jones
20%
Carnival RowDavid Gyasi
20%
Pirates of the Caribbean : Dead Man's Chest
Pirates of the Caribbean : At World's End
David Schofield
20%
Kingdom of HeavenDavid Thewlis
20%
The Lord of the Rings : The Two Towers
The Lord of the Rings : The Return of the King
Pirates of the Caribbean : Dead Men Tell No Tales
David Wenham
20%
The Hobbit : The Desolation of Smaug
The Hobbit : The Battle of the Five Armies
Dean O'Gorman
20%
Black Hawk DownEwen Bremner
20%
Pirates of the Caribbean : The Curse of the Black Pearl
Pirates of the Caribbean : At World's End
The Hobbit : The Desolation of Smaug
Greg Ellis
20%
New York, I Love YouHayden Christensen
20%
Ned KellyHeath Ledger
20%
Carnival RowIndira Varma
20%
The Lord of the Rings : The Fellowship of the Ring
The Lord of the Rings : The Two Towers
The Lord of the Rings : The Return of the King
The Hobbit : The Desolation of Smaug
The Hobbit : The Battle of the Five Armies
Jed Brophy
20%
Tour de PharmacyJeff Goldblum
20%
The Hobbit : The Desolation of Smaug
The Hobbit : The Battle of the Five Armies
John Callen
20%
Tour de PharmacyJohn Cena
20%
The Hobbit : The Desolation of Smaug
The Hobbit : The Battle of the Five Armies
Mark Hadlow
20%
Wilde
Kingdom of Heaven
Michael Sheen
20%
The Hobbit : The Desolation of Smaug
The Hobbit : The Battle of the Five Armies
Mikael Persbrandt
20%
New York, I Love YouRachel Bilson
20%
Black Hawk DownSam Shepard
20%
Wilde
The Hobbit : The Desolation of Smaug
The Hobbit : The Battle of the Five Armies
Stephen Fry
20%
Pirates of the Caribbean : The Curse of the Black Pearl
Haven
Zoe Saldana
20%
New York, I Love YouAndy Garcia
10%
Tour de PharmacyAndy Samberg
10%
HavenAnthony Mackie
10%
The Lord of the Rings : The Two Towers
The Lord of the Rings : The Return of the King
Bernard Hill
10%
Pirates of the Caribbean : At World's EndChow Yun-Fat
10%
Romeo and Juliet
The Prince
Condola Rashad
10%
New York, I Love YouIrrfan Khan
10%
The Armenian GenocideJulianna Margulies
10%
Troy
New York, I Love You
Julie Christie
10%
The Armenian Genocide
Sympathy for Delicious
Laura Linney
10%
The Calcium Kid
Love and Other Disasters
Michael Lerner
10%
The Calcium Kid
The Good Doctor
Michael Pena
10%
Black Hawk Down
Kingdom of Heaven
Nikolaj Coster-Waldau
10%
UnlockedNoomi Rapace
10%
Black Hawk Down
Haven
Razaaq Adoti
10%
The Good DoctorRiley Keough
10%
Haven
Sympathy for Delicious
Robert Wisdom
10%
Haven
Love and Other Disasters
Santiago Cabrera
10%
The OutpostScott Eastwood
10%
Elizabethtown
Fight for Your Right Revisited
Susan Sarandon
10%
The Hobbit : The Desolation of Smaug
The Hobbit : The Battle of the Five Armies
Sylvester McCoy
10%

Distribution des résultats

Percentile par nombre de réponses

% des personnes avec chaque résultat

Votre développement - résultats

Vous n’avez pas pris ce quiz